000 00934nam a22002897a 4500
001 00229
003 DO-SdBNP
005 20170221105651.0
007 00229
008 160418b dr 200- ||||| |||| 00| 0 spa d
040 _aBPMSU
_bspa
_cBPMSU
082 0 4 _a372.6561
_bG216L 7mo. 2001
100 1 _aGarcía R., Remigio
245 1 _aLengua española 7 :
_cRemigio García R., Olga Espinal
260 _aSanto Domingo :
_bSecretaría de Estado de Educación,
_c[2001?]
300 _a182 p. :
_bil.,
_c27 cm.
500 _a¡La educación al servicio de la gente!
650 4 _aESPAÑOL
_xENSEÑANZA PRIMARIA
650 4 _aESPAÑOL
_xEDUCACIÓN PRIMARIA
650 4 _aESPAÑOL
_xLIBROS DE TEXTOS
650 4 _aESPAÑOL
_xESTUDIOS Y EJERCICIOS
650 4 _aEDUCACIÓN PRIMARIA
_zREPÚBLICA DOMINICANA
700 1 _aEspinal, Olga
910 _aValidado. Control de calidad MFF
942 _2ddc
_cBK
956 _aBrenda Tavárez
999 _c9829
_d9829